|
|
|
|
| LEADER |
02189nam a2200565 i 4500 |
| 001 |
nkc20213383760 |
| 003 |
CZ PrNK |
| 005 |
20260416095454.0 |
| 007 |
ta |
| 008 |
211216s2021 xr abeff 001 0 eng |
| 015 |
|
|
|a cnb003383760
|
| 020 |
|
|
|a 978-80-7671-051-1
|q (vázáno)
|
| 035 |
|
|
|a (OCoLC)1310111714
|
| 040 |
|
|
|a OLA001
|b cze
|d BOA001
|e rda
|
| 041 |
0 |
|
|a eng
|a ger
|b ara
|b eng
|
| 043 |
|
|
|a f-ua---
|
| 072 |
|
7 |
|a 902
|x Archeologie
|2 Konspekt
|9 8
|
| 080 |
|
|
|a 902.2
|2 MRF
|
| 080 |
|
|
|a 902:904
|2 MRF
|
| 080 |
|
|
|a (620)
|2 MRF
|
| 080 |
|
|
|a (621)
|2 MRF
|
| 080 |
|
|
|a (048.8:082)
|2 MRF
|
| 245 |
0 |
0 |
|a Abusir and Saqqara in the year 2020 /
|c Miroslav Bárta, Filip Coppens, Jaromír Krejčí (editors)
|
| 250 |
|
|
|a 1st edition
|
| 264 |
|
1 |
|a Prague :
|b Faculty of Arts, Charles University,
|c 2021
|
| 300 |
|
|
|a xxxii, 394 stran, viii stran obrazových příloh :
|b ilustrace (některé barevné), mapy, plány ;
|c 31 cm
|
| 336 |
|
|
|a text
|b txt
|2 rdacontent
|
| 337 |
|
|
|a bez média
|b n
|2 rdamedia
|
| 338 |
|
|
|a svazek
|b nc
|2 rdacarrier
|
| 504 |
|
|
|a Obsahuje bibliografie, bibliografické odkazy a rejstřík
|
| 546 |
|
|
|a Částečně německý text, anglická a arabská resumé
|
| 650 |
0 |
7 |
|a archeologické výzkumy
|7 ph118577
|z Egypt
|2 czenas
|
| 650 |
0 |
7 |
|a archeologické nálezy
|7 ph137683
|z Egypt
|2 czenas
|
| 650 |
0 |
9 |
|a excavations (archaeology)
|z Egypt
|2 eczenas
|
| 650 |
0 |
9 |
|a antiquities
|z Egypt
|2 eczenas
|
| 651 |
|
7 |
|a Abúsír (Egypt : archeologická lokalita)
|7 ge128633
|2 czenas
|
| 651 |
|
7 |
|a Sakkára (Egypt)
|7 ge295572
|2 czenas
|
| 651 |
|
9 |
|a Abusir (Egypt : archaeological site)
|2 eczenas
|
| 651 |
|
9 |
|a Şaqqārah (Egypt)
|2 eczenas
|
| 655 |
|
7 |
|a kolektivní monografie
|7 fd501537
|2 czenas
|
| 655 |
|
9 |
|a collective monographs
|2 eczenas
|
| 700 |
1 |
|
|a Bárta, Miroslav,
|d 1969-
|7 ola2002146301
|4 edt
|
| 700 |
1 |
|
|a Coppens, Filip,
|d 1970-
|7 mzk2009496273
|4 edt
|
| 700 |
1 |
|
|a Krejčí, Jaromír,
|d 1971-
|7 xx0015014
|4 edt
|
| 910 |
2 |
|
|a BOA001
|b 4-1482.460
|
| 928 |
9 |
|
|a Univerzita Karlova, Filozofická fakulta
|
| 990 |
|
|
|a BK
|
| 995 |
|
|
|a 01
|
| 991 |
|
|
|b 202203
|c NOV
|
| 996 |
6 |
|
|b 2610895066
|c 4-1482.460
|l MZK
|r Sklad / do 1 hodiny
|n 0
|p p.v.
|w 001878325
|u 000010
|a 1
|e BOA001
|j MZK50
|s P
|